000 00413nam a2200157Ia 4500
008 230917s9999||||xx |||||||||||||| ||und||
040 _e131245
_aMAIN
041 _aEnglish
082 _a657.48 S62S
100 _aShim, Jae K
245 0 _aSchaum's outline of theory and problem of financil accounting
250 _a2nd ed.
260 _aNew Delhi
_bTata Mcgraw-Hill
_c2004
300 _a337 p.
942 _cBK
999 _c120147
_d120147